000 00739nam a2200253 i 4500
001 bg
100 1 _aKOSMA, Zbigniew
_d(1949- )
245 1 0 _aPodstawy mechaniki płynów /
_cZbigniew Kosma.
250 _aWyd. 3 popr. i uzup.
260 _aRadom :
_bPolitechnika Radomska. Wydaw.,
_ccop. 2002.
300 _a374 s. :
_bil. ;
_c23 cm.
500 _aNazwa wydawcy w cop.
504 _aBibliogr.
650 9 _aMechanika płynów
655 _aPodręczniki akademickie
020 _a8388001590
040 _cBPK
041 0 _apol
080 _a532(075.8)
920 _a83-88001-59-0
942 _cKS
008 s pl f |000 0 pol
999 _c44941
_d44941
856 _uhttp://koha.tu.koszalin.pl/cgi-bin/koha/opac-detail.pl?biblionumber=44941
_yKatalog online BPK